[Event "GER-chT U14"]
[Site "Magdeburg"]
[Date "2010.12.29"]
[Round "5.4"]
[White "Linnemann, Julius"]
[Black "Colakovic, Dani"]
[Result "1-0"]
[WhiteElo "1395"]
[BlackElo "1195"]
[PlyCount "53"]
[EventDate "2010.12.27"]
[EventType "team-swiss"]
[EventRounds "7"]
[EventCountry "GER"]
[SourceTitle "CBM 140 Extra"]
[Source "ChessBase"]
[SourceDate "2011.03.01"]
[SourceVersion "1"]
[SourceVersionDate "2011.03.01"]
[SourceQuality "1"]
[WhiteTeam "Coswig"]
[BlackTeam "Baumschulenweg"]
[WhiteTeamCountry "GER"]
[BlackTeamCountry "GER"]

1. e4 e5 2. Nf3 Nc6 3. d4 exd4 4. Nxd4 Nge7 5. Nc3 Nxd4 6. Qxd4 Nc6 7. Qd1 d6 8. Bb5 Bd7 9. Bf4 g6 10. 0-0 Bg7 11. Qd2 0-0 12. Rad1 Re8 13. Rfe1 Bg4 14. f3 Bd7 15. Bg3 Bd4+ 16. Kh1 Bf6 17. Bc4 Be6 18. Bxe6 Rxe6 19. Na4 b6 20. a3 a5 21. Qd5 Qd7 22. e5 Bxe5 23. Bxe5 Rxe5 24. Rxe5 Nxe5 25. Qxa8+ Kg7 26. Qe4 f5 27. Qxe5+ 1-0